00521nam a2200157 4500008004100000020001500041050002100056100002100077245006300098250001200161260004000173300004400213504005100257650002100308650003400329150807b xxu||||| |||| 00| 0 eng d a0205334350 aQP360 .C352 2001 aCarlson, Neil R. aFoundations of physiological psychology/cNeil R. Carlson. a5th ed. aLondon : bAllyn and Bacon, c2001. axvi, 560 p.:bill. (some col.);c29 cm. aIncludes bibliographical references and index. aPsychophysiology aNervous system -- Physiology.